000 00801cam a2200265u 4500
001 7376301
003 OSt
005 20140310182001.0
008 810806s1939 xx af j 000 0 eng
010 _a 39027949
020 _a0064400050
040 _aDLC
_cCarP
_dDLC
050 0 0 _aPZ 7
_b.W673 1967
082 _aKF
_bW64b 1967
100 1 _aWilder, Laura (Ingalls)
_d1867- 1957.
_95177
245 1 0 _aBy the shores of Silver lake /
_bLaura Ingalls Wilder.
260 _aNew York and London,
_bHarper & brothers,
_c1939.
300 _a290 p .;
_bill. ;
_c20 cm.
541 _j1
562 _eFor circulation. 1 copy available in the collection
650 _aFiction
_9746
700 _aWilder, Laura
_95178
906 _a0
_bcbc
_cpremunv
_du
_encip
_f19
_gy-gencatlg
942 _2lcc
_cBK-KF
_kKF
999 _c8010
_d8010